Intermendiate Comprehension Passages : (Record no. 22138)
[ view plain ]
| 000 -LEADER | |
|---|---|
| fixed length control field | 00758nam a22002657a 4500 |
| 003 - CONTROL NUMBER IDENTIFIER | |
| control field | IBSLLIB |
| 005 - DATE AND TIME OF LATEST TRANSACTION | |
| control field | 20260515040516.0 |
| 008 - FIXED-LENGTH DATA ELEMENTS--GENERAL INFORMATION | |
| fixed length control field | 260515b |||||||| |||| 00| 0 eng d |
| 020 ## - INTERNATIONAL STANDARD BOOK NUMBER | |
| International Standard Book Number | 0582523869 |
| 040 ## - CATALOGING SOURCE | |
| Original cataloging agency | IBSLLIB |
| Language of cataloging | English |
| 041 ## - LANGUAGE CODE | |
| Language code of original | Eng |
| 082 ## - DEWEY DECIMAL CLASSIFICATION NUMBER | |
| Classification number | 420 |
| Item number | BYR |
| 100 ## - MAIN ENTRY--PERSONAL NAME | |
| Personal name | Byre , Donn |
| 245 ## - TITLE STATEMENT | |
| Title | Intermendiate Comprehension Passages : |
| Remainder of title | With recall Exercises and aural comprehension tests |
| 260 ## - PUBLICATION, DISTRIBUTION, ETC. (IMPRINT) | |
| Place of publication, distribution, etc. | England : |
| Name of publisher, distributor, etc. | Longman Group UK Limited , |
| Date of publication, distribution, etc. | 1964 |
| 300 ## - PHYSICAL DESCRIPTION | |
| Extent | 122 p ; |
| Dimensions | 21 cm |
| 505 ## - FORMATTED CONTENTS NOTE | |
| Formatted contents note | Comprehension Passages |
| 505 ## - FORMATTED CONTENTS NOTE | |
| Formatted contents note | Recall exercises |
| 505 ## - FORMATTED CONTENTS NOTE | |
| Formatted contents note | Aural comprehension tests |
| 650 ## - SUBJECT ADDED ENTRY--TOPICAL TERM | |
| Topical term or geographic name as entry element | Language |
| 650 ## - SUBJECT ADDED ENTRY--TOPICAL TERM | |
| Topical term or geographic name as entry element | English And Old English |
| 653 ## - INDEX TERM--UNCONTROLLED | |
| Uncontrolled term | Intermediate |
| 653 ## - INDEX TERM--UNCONTROLLED | |
| Uncontrolled term | Comprehension |
| 942 ## - ADDED ENTRY ELEMENTS (KOHA) | |
| Koha item type | Lending Book |
| Withdrawn status | Lost status | Damaged status | Not for loan | Collection code | Permanent Location | Current Location | Shelving location | Date acquired | Source of acquisition | Inventory number | Full call number | Barcode | Koha item type |
|---|---|---|---|---|---|---|---|---|---|---|---|---|---|
| Lending Collection | IBSL Library | IBSL Library | Lending Section | 30/04/2026 | Donation | 10894 | 420 BYR | 10894 | Lending Book |
